000 00789nam a2200301Ia 4500
001 8484
003 IT-RoPAU
008 130308s9999 xx 000 0 und d
040 _aIT-RoPAU
040 _cIT-RoPAU
041 _aFRANCESE
100 _aVincent Jean-Marie
100 _gCodice Aut. SPICS: 26460
245 _aCheminements de l'ideologie (Les)
245 _bAnalyse de L'Ideologie-1-Problematiques
250 _a1a ed.
260 _aPARIS
260 _bGalilee
260 _c1980 [1° Ed.:1980 - Ed.Ling.Originale:1980]
300 _a"18 p. (prefazione: no ; testo: 18 [pagine: 23-40])"
500 _aCammino dell'Ideologia
650 _aEPISTEMOLOGIA
650 _eCodice materia Spics: 3051
942 _cBK
957 _71
999 _c38672
_d38672
999 _bSI
999 _g1